000 00735cam a2200265 i 4500
001 1791856
003 SISC
005 20160404141604.0
008 781019s1979 nyu b 001 0 eng
010 _a 78013919
020 _a0446952613
040 _aDLC
_cDLC
_dDLC
043 _an-us---
050 0 0 _aHG 179
_b.R78 1979
082 0 0 _aHS 332.024
_b.R82 1979
100 1 _aRuff, Howard J.
_911797
245 1 0 _aHow to prosper during the coming bad years /
_cHoward J. Ruff.
260 _aNew York :
_bWarner Books,
_cc1979.
300 _a384 p. ;
_c18 cm.
500 _aIncludes index.
650 0 _aFinancial survival
_911844
906 _a7
_bcbc
_corignew
_d1
_eocip
_f19
_gy-gencatlg
942 _2lcc
_cBK
999 _c8926
_d8926